000 00809nam a22002297a 4500
999 _c161417
_d161417
005 20190808110636.0
010 _a1819CHEN B-718965-985
020 _a9789352750856
_c395.00
035 _aB-718965-985
035 _aB-728543
037 _bBharatiya Sahitya Bhavana
082 _aN
100 _aSutherland, Tui T.
245 _aWings of fire:
_bthe dragonet prophecy /
_cby Tui T. Sutherland
260 _aNew York
_bScholastic
_c2019 (repr.)
270 _a557 Broadway
_bNew York
_e10012
300 _a304p.
_c20cm(pbk)
500 _aAirport
942 _2ddc
_cCH
_mSUT
_hN